Economic populism in Bulgaria and its consequences

Bulharsko ako najchudobnejšia krajina EÚ. Porovnanie populizmu v Bulharsku voči ostatným krajinám EÚ. Fiškálny populizmus Bulharska - cena politickej nestability. Populizmus sociálneho zabezpečenia, bulharský penzijný systém. Najnovšie príklady ekonomického popolizmu v každodennom živote, ako naprík...

Ausführliche Beschreibung

Gespeichert in:
Bibliographische Detailangaben
1. Verfasser: Aleksiev, Yavor
Format: Buchkapitel
Sprache:Englisch
Schlagworte:
Tags: Tag hinzufügen
Keine Tags, Fügen Sie das erste Tag hinzu!

MARC

LEADER 00000nla a2200000 4500
001 0231269
005 20220801090701.0
041 0 |a eng 
044 |a PL 
245 1 0 |a Economic populism in Bulgaria and its consequences  |c Yavor Aleksiev 
520 |a Bulharsko ako najchudobnejšia krajina EÚ. Porovnanie populizmu v Bulharsku voči ostatným krajinám EÚ. Fiškálny populizmus Bulharska - cena politickej nestability. Populizmus sociálneho zabezpečenia, bulharský penzijný systém. Najnovšie príklady ekonomického popolizmu v každodennom živote, ako napríklad minimálna mzda alebo Uber. 
610 2 0 |a politika 
610 2 0 |a politika fiškálna 
610 2 0 |a deficit 
610 2 0 |a nestabilita politická 
610 2 0 |a zabezpečenie sociálne 
610 2 0 |a dôchodky 
610 2 0 |a Bulharsko 
610 2 0 |a Európska únia 
100 1 |a Aleksiev, Yavor